000 004200000a22001210004500
090 _aAS
_bSeriadas
245 1 0 _aEspecies colombianas del género Creagrutus (<Pisces, Characidae>)
041 0 _aEspañol
700 1 _aCala, Plutarco
_999085
100 1 _aRomán Valencia, César
_999184
942 _cARTICULO
773 1 _tRevista de la Academia Colombiana de Ciencias Exactas, Fisicas y Naturales
_332
_h79
_q143-153
_d1997
_g21
999 _c14287
_d14287